Bách khoa tri thức phổ thông.
Сохранить в:
| Формат: | Sách giấy |
|---|---|
| Язык: | Vietnamese |
| Опубликовано: |
H. :
Văn hoá - Thông tin,
2001.
|
| Редактирование: | In lần thứ ba có sửa chữa, chỉnh lý và bổ sung. |
| Предметы: | |
| Метки: |
Добавить метку
Нет меток, Требуется 1-ая метка записи!
|
| Thư viện lưu trữ: | Thư viện Trường Đại học Đà Lạt |
|---|
| LEADER | 00781nam a2200313 4500 | ||
|---|---|---|---|
| 001 | DLU120131286 | ||
| 005 | ##20120215 | ||
| 040 | # | # | |a DLU |b vie |
| 041 | # | # | |a vie |
| 044 | # | # | |a vn |
| 082 | # | # | |a 039.959 22 |b Bac |
| 245 | # | # | |a Bách khoa tri thức phổ thông. |
| 250 | # | # | |a In lần thứ ba có sửa chữa, chỉnh lý và bổ sung. |
| 260 | # | # | |a H. : |b Văn hoá - Thông tin, |c 2001. |
| 300 | # | # | |a 1871 tr. : |b minh hoạ; |c 19x27 cm. |
| 650 | # | # | |a Bách khoa toàn thư và từ điển. |
| 923 | # | # | |a 01/2012DL |
| 991 | # | # | |a SH |
| 992 | # | # | |a 315000 |
| 993 | # | # | |a 2001 |
| 994 | # | # | |a KDL |
| 998 | # | # | |a TK |
| 900 | # | # | |a True |
| 911 | # | # | |a Nguyễn Thanh Hương |
| 925 | # | # | |a G |
| 926 | # | # | |a A |
| 927 | # | # | |a SH |
| 980 | # | # | |a Thư viện Trường Đại học Đà Lạt |